[Event "XVII Festival A"]
[Site "Trieste ITA"]
[Date "2015.08.30"]
[Round "3"]
[White "Simoni, Giulio"]
[Black "Pregarac, Valter"]
[Result "1/2-1/2"]
[WhiteElo "1930"]
[BlackElo "2116"]
[PlyCount "127"]
[EventDate "2015.08.29"]

1. e4 e5 2. Nf3 Nc6 3. Bb5 a6 4. Ba4 Nf6 5. O-O Be7 6. Re1 b5 7. Bb3 O-O 8. d4
Nxd4 9. Bxf7+ Rxf7 10. Nxe5 Ne6 11. Nxf7 Kxf7 12. e5 Bb7 13. exf6 Bxf6 14. Nc3
Kg8 15. Ne4 Be7 16. Ng3 g6 17. Be3 Bd6 18. Qg4 Qf8 19. Rad1 Bc6 20. Ne2 Qf7 21.
Nd4 Bb7 22. Nxe6 dxe6 23. Bd4 Bd5 24. Be5 Bc5 25. Rd2 Rf8 26. Qg3 Bb6 27. b3 b4
28. Ree2 a5 29. Bb2 h6 30. Qe5 Kh7 31. Bd4 c5 32. Be3 Bc7 33. Qb2 Bd6 34. f3
Qc7 35. h3 Rf5 36. c4 Bc6 37. Rd3 Bh2+ 38. Kf1 Be5 39. Qd2 Bc3 40. Rxc3 bxc3
41. Qxc3 Qh2 42. Bg1 Qd6 43. Rd2 Qc7 44. Qe3 Qf7 45. Bf2 Qe7 46. Re2 e5 47.
Qxc5 Qxc5 48. Bxc5 e4 49. Bb6 exf3 50. Re7+ Kg8 51. g4 Rf6 52. Re5 Bb7 53. Be3
a4 54. b4 Rd6 55. b5 Rd1+ 56. Kf2 Ra1 57. Kg3 Rxa2 58. Bf2 Re2 59. Rxe2 fxe2
60. Be1 a3 61. Kf2 a2 62. Bc3 Bf3 63. c5 Kf7 64. c6 1/2-1/2

[Event "XVII Festival A"]
[Site "Trieste ITA"]
[Date "2015.08.30"]
[Round "3"]
[White "Timmermans, Ivo"]
[Black "Loiacono, Antonio"]
[Result "1-0"]
[WhiteElo "2183"]
[BlackElo "1843"]
[PlyCount "111"]
[EventDate "2015.08.29"]

1. d4 Nf6 2. c4 g6 3. Nc3 Bg7 4. e4 d6 5. Bd3 O-O 6. Nge2 e5 7. d5 Nbd7 8. O-O
Nc5 9. Bc2 a5 10. b3 Ne8 11. Be3 Na6 12. Qd2 f5 13. exf5 Bxf5 14. Bxf5 gxf5 15.
f4 Qd7 16. Ng3 e4 17. Rad1 Nf6 18. Nb5 Nc5 19. h3 Kh8 20. Nd4 Ng8 21. Qe2 Ne7
22. Kh2 b6 23. Qh5 Qe8 24. Nb5 Rc8 25. Qxe8 Rfxe8 26. Ne2 Kg8 27. g4 Kf7 28.
Ned4 Bxd4 29. Nxd4 Kf6 30. Rg1 Rg8 31. Nb5 Kf7 32. Rg3 Na6 33. Nd4 Nc5 34. Rdg1
fxg4 35. hxg4 Ng6 36. Rh3 Nf8 37. Nf5 Ke8 38. Bxc5 bxc5 39. Re3 Kd7 40. Rxe4
Ng6 41. Rge1 Rce8 42. Rxe8 Rxe8 43. Rxe8 Kxe8 44. Kg3 Kd7 45. Nh4 Nf8 46. f5 h6
47. Ng2 Nh7 48. Nf4 Nf6 49. Kh4 c6 50. g5 hxg5+ 51. Kxg5 Ne4+ 52. Kg6 cxd5 53.
Nxd5 Ke8 54. Nf6+ Nxf6 55. Kxf6 a4 56. Ke6 1-0

[Event "XVII Festival A"]
[Site "Trieste ITA"]
[Date "2015.08.30"]
[Round "3"]
[White "Viola, Enrico"]
[Black "Mikalsen, Erlend"]
[Result "0-1"]
[WhiteElo "1848"]
[BlackElo "2350"]
[PlyCount "68"]
[EventDate "2015.08.29"]

1. e4 c5 2. Nf3 e6 3. d4 cxd4 4. Nxd4 Nc6 5. Be2 Nf6 6. Bf3 Qb6 7. Nxc6 bxc6 8.
O-O Ba6 9. Re1 Bc5 10. Qd2 d5 11. Nc3 Be7 12. exd5 cxd5 13. Be2 O-O 14. Bxa6
Qxa6 15. Qe2 Qb7 16. Qb5 Qc7 17. Qa4 Bd6 18. g3 Rab8 19. Nb5 Qd7 20. Nc3 Qb7
21. Rb1 Rfc8 22. Be3 a6 23. Ne2 Rc4 24. Qb3 Qc7 25. Qd3 Rxc2 26. Nd4 Rcxb2 27.
Rxb2 Rxb2 28. Qxa6 Rb6 29. Qa8+ Rb8 30. Qa6 Ng4 31. Rc1 Nxe3 32. Nc6 Nf5 33. g4
Nd4 34. Ne7+ Qxe7 0-1

[Event "XVII Festival A"]
[Site "Trieste ITA"]
[Date "2015.08.30"]
[Round "3"]
[White "Iasman, Inna"]
[Black "Jicman, Ligia-Letitia"]
[Result "0-1"]
[WhiteElo "1789"]
[BlackElo "2167"]
[PlyCount "98"]
[EventDate "2015.08.29"]

1. d4 Nf6 2. c4 e6 3. Nf3 c5 4. d5 exd5 5. cxd5 d6 6. Nc3 g6 7. Bf4 Bg7 8. Qa4+
Bd7 9. Qb3 Qc7 10. e4 O-O 11. Bd3 Re8 12. O-O c4 13. Qxc4 Qxc4 14. Bxc4 Nxe4
15. Nb5 Rc8 16. Bd3 Bxb5 17. Bxb5 Bxb2 18. Rab1 Bg7 19. Rbc1 Rd8 20. Rc7 a6 21.
Bd3 Nc5 22. Bc2 Bf8 23. Bg5 Re8 24. Nd2 a5 25. Nc4 Nba6 26. Rxc5 Nxc5 27. Bf4
Ra6 28. h4 h5 29. Ne3 Be7 30. g3 Bf6 31. Nc4 Re2 32. Bb1 Be7 33. Rc1 b5 34. Kf1
Re4 35. Bxe4 Nxe4 36. Na3 b4 37. Nb5 Rb6 38. Rc8+ Kg7 39. Nc7 Rb7 40. Ne8+ Kh7
41. Ra8 f6 42. Rxa5 g5 43. hxg5 fxg5 44. Be3 Kg6 45. Bd4 Kf7 46. Ng7 b3 47. Nf5
b2 48. Bxb2 Rxb2 49. Ra7 Rxf2+ 0-1

[Event "XVII Festival A"]
[Site "Trieste ITA"]
[Date "2015.08.30"]
[Round "3"]
[White "Gavrish, Leonid"]
[Black "Markering, Martin"]
[Result "1-0"]
[WhiteElo "2140"]
[BlackElo "2037"]
[PlyCount "67"]
[EventDate "2015.08.29"]

1. d4 Nf6 2. c4 c5 3. d5 b5 4. cxb5 a6 5. bxa6 g6 6. Nc3 Bxa6 7. f4 Bg7 8. Nf3
d6 9. e4 Bxf1 10. Rxf1 Nbd7 11. e5 dxe5 12. fxe5 Ng4 13. e6 fxe6 14. Ng5 Bxc3+
15. bxc3 Ndf6 16. h3 Ne5 17. Bf4 Nc4 18. Nxe6 Qa5 19. Qb3 Na3 20. Nc7+ Kf7 21.
Nxa8 c4 22. Qb2 Rxa8 23. O-O-O Qa4 24. Be5 Ra5 25. Bxf6 exf6 26. Qb7+ Kg8 27.
Qc8+ Kg7 28. Qc7+ Kh6 29. Qf4+ g5 30. Qxf6+ Kh5 31. g4+ Kh4 32. Qf2+ Kxh3 33.
Rh1+ Kxg4 34. Rdg1# 1-0

[Event "XVII Festival A"]
[Site "Trieste ITA"]
[Date "2015.08.30"]
[Round "3"]
[White "Egartner, Wolfgang"]
[Black "Blasco, Domenico"]
[Result "0-1"]
[WhiteElo "2050"]
[BlackElo "1954"]
[PlyCount "98"]
[EventDate "2015.08.29"]

1. d4 Nf6 2. Bg5 Ne4 3. Bf4 d5 4. e3 e6 5. Bd3 Nd7 6. Bxe4 dxe4 7. Nc3 Nf6 8.
Nge2 b6 9. O-O Bb7 10. Bg5 h6 11. Bxf6 gxf6 12. Ng3 f5 13. d5 Qe7 14. Qd4 Rg8
15. Qa4+ Qd7 16. Qxd7+ Kxd7 17. Rfd1 Bd6 18. Rd2 Ke7 19. Rad1 Rad8 20. dxe6
fxe6 21. Nb5 Be5 22. Rxd8 Rxd8 23. Rxd8 Kxd8 24. c3 a6 25. Nd4 Ke7 26. Kf1 Bd5
27. a3 c5 28. Nde2 Kd6 29. Ke1 Kc6 30. Kd2 Kb5 31. Nf4 Bc4 32. Nge2 Ka4 33. Nc1
Bxf4 34. exf4 b5 35. g3 Ka5 36. Ke3 Kb6 37. f3 exf3 38. Kxf3 Kc6 39. Ke3 Kd6
40. Kf2 e5 41. fxe5+ Kxe5 42. Ke3 h5 43. b3 Bf7 44. Nd3+ Kd6 45. b4 cxb4 46.
cxb4 Kd5 47. Kf4 Kd4 48. Nc5 a5 49. Nb3+ Bxb3 0-1

[Event "XVII Festival A"]
[Site "Trieste ITA"]
[Date "2015.08.31"]
[Round "4"]
[White "Baklan, Vladimir"]
[Black "Bosiocic, Marin"]
[Result "1/2-1/2"]
[WhiteElo "2608"]
[BlackElo "2552"]
[PlyCount "36"]
[EventDate "2015.08.29"]

1. e4 e5 2. Nf3 Nc6 3. Bb5 a6 4. Ba4 Nf6 5. O-O Be7 6. d3 d6 7. c3 O-O 8. Re1
Re8 9. Nbd2 Bf8 10. d4 b5 11. Bc2 Bb7 12. a3 Nb8 13. b4 Nbd7 14. Bb2 g6 15. d5
c6 16. dxc6 Bxc6 17. c4 Rc8 18. Rc1 Bh6 1/2-1/2

[Event "XVII Festival A"]
[Site "Trieste ITA"]
[Date "2015.08.31"]
[Round "4"]
[White "David, Alberto"]
[Black "Pap, Gyula"]
[Result "1-0"]
[WhiteElo "2584"]
[BlackElo "2536"]
[PlyCount "75"]
[EventDate "2015.08.29"]

1. e4 g6 2. d4 Bg7 3. Nc3 d6 4. Be3 c6 5. h3 b5 6. Nf3 Nd7 7. Bd3 a6 8. Ne2
Ngf6 9. Ng3 O-O 10. O-O Bb7 11. c3 e5 12. Re1 Re8 13. Bc2 Qc7 14. Qd2 Rad8 15.
Bh6 Bc8 16. Nf5 Bh8 17. Qg5 Nh5 18. Qh4 Nf8 19. Bg5 f6 20. Nh6+ Kg7 21. Be3 Ne6
22. Ng4 Qe7 23. Bb3 Nef4 24. Bxf4 exf4 25. Rad1 Kf8 26. Nh6 Rd7 27. Nf5 Qd8 28.
g4 gxf5 29. exf5 Rxe1+ 30. Rxe1 Re7 31. Qxh5 Qe8 32. Qh6+ Bg7 33. Rxe7 Bxh6 34.
Rxe8+ Kxe8 35. Be6 Bxe6 36. fxe6 Ke7 37. d5 cxd5 38. Nd4 1-0

[Event "XVII Festival A"]
[Site "Trieste ITA"]
[Date "2015.08.31"]
[Round "4"]
[White "Codenotti, Marco"]
[Black "Vovk, Andrey"]
[Result "1-0"]
[WhiteElo "2424"]
[BlackElo "2606"]
[PlyCount "65"]
[EventDate "2015.08.29"]

1. e4 c5 2. c3 Nf6 3. e5 Nd5 4. Nf3 e6 5. Bc4 d6 6. d4 cxd4 7. cxd4 Be7 8. O-O
O-O 9. Nc3 Nxc3 10. bxc3 dxe5 11. Nxe5 Nd7 12. Bf4 Nxe5 13. Bxe5 Bd6 14. Re1
Qe7 15. Bxd6 Qxd6 16. Qf3 Rb8 17. Re3 b5 18. Bb3 Rd8 19. Qh5 Bb7 20. Rae1 Bd5
21. Rh3 h6 22. Qg4 Kh7 23. Bc2+ g6 24. Qg5 Qf8 25. Ree3 Bxa2 26. Ref3 f5 27. g4
Qg7 28. Rfg3 b4 29. gxf5 exf5 30. Bxf5 Bf7 31. Qe7 Rf8 32. Bxg6+ Bxg6 33. Rxg6
1-0

[Event "XVII Festival A"]
[Site "Trieste ITA"]
[Date "2015.08.31"]
[Round "4"]
[White "Werle, Jan"]
[Black "Jovanic, Ognjen"]
[Result "0-1"]
[WhiteElo "2525"]
[BlackElo "2459"]
[PlyCount "114"]
[EventDate "2015.08.29"]

1. d4 Nf6 2. c4 e6 3. Nf3 d5 4. Nc3 c5 5. cxd5 Nxd5 6. e4 Nxc3 7. bxc3 cxd4 8.
cxd4 Bb4+ 9. Bd2 Bxd2+ 10. Qxd2 O-O 11. Bb5 b6 12. O-O Bb7 13. Rfe1 Nd7 14. a4
Nf6 15. Bd3 Rb8 16. e5 Bxf3 17. exf6 Bh5 18. fxg7 Kxg7 19. Be4 Qd6 20. Qg5+ Bg6
21. Rad1 Rbd8 22. Bf3 h6 23. Qe3 Rfe8 24. Be4 Bxe4 25. Qxe4 Qd5 26. Qf4 Qg5 27.
Qc7 Qe7 28. Qg3+ Qg5 29. Qf3 Qf6 30. Qc6 Re7 31. Re3 Rd5 32. Rf3 Rf5 33. Rg3+
Rg5 34. Rf3 Rc7 35. Qe4 Qg6 36. Qf4 Rd7 37. g3 Rf5 38. Qe4 Rxf3 39. Qxf3 Rd5
40. Qf4 e5 41. Qh4 Qf5 42. h3 Qd7 43. Qe4 exd4 44. Rd3 Kg8 45. Kg2 Rd6 46. Qf4
Qc6+ 47. Kh2 Qd5 48. h4 Kh7 49. g4 Kg7 50. Kg3 Kg6 51. Kh2 Rd8 52. Kg3 f6 53.
Kh3 Qe5 54. Qf3 Re8 55. Qb7 Re7 56. Qc8 Qd5 57. Rxd4 Qf3+ 0-1

[Event "XVII Festival A"]
[Site "Trieste ITA"]
[Date "2015.08.31"]
[Round "4"]
[White "Maiorov, Nikita"]
[Black "Di Paolo, Raffaele"]
[Result "1-0"]
[WhiteElo "2552"]
[BlackElo "2279"]
[PlyCount "43"]
[EventDate "2015.08.29"]

1. d4 d5 2. c4 c6 3. Nc3 Nf6 4. e3 e6 5. Nf3 Nbd7 6. Qc2 Bd6 7. Be2 O-O 8. O-O
dxc4 9. Bxc4 Qe7 10. Bd2 e5 11. Rae1 Bb8 12. Bb3 h6 13. Nh4 Rd8 14. f4 exd4 15.
exd4 Qb4 16. Nf5 Nf8 17. Ne4 Qb5 18. Ne7+ Kh8 19. Nxf6 gxf6 20. Nxc8 Rxc8 21.
Re7 c5 22. Qf5 1-0

[Event "XVII Festival A"]
[Site "Trieste ITA"]
[Date "2015.08.31"]
[Round "4"]
[White "Tabernig, Bernhard"]
[Black "Urkedal, Frode"]
[Result "0-1"]
[WhiteElo "2327"]
[BlackElo "2509"]
[PlyCount "110"]
[EventDate "2015.08.29"]

1. d4 Nf6 2. c4 g6 3. Nc3 d5 4. cxd5 Nxd5 5. e4 Nxc3 6. bxc3 Bg7 7. Be3 c5 8.
Qd2 Qa5 9. Rc1 O-O 10. Nf3 Nd7 11. Bd3 b6 12. Bh6 Ba6 13. Bxa6 Qxa6 14. h4 Bxh6
15. Qxh6 f6 16. Rh3 Qxa2 17. d5 Qb2 18. Rg3 Rf7 19. Qd2 Qxd2+ 20. Nxd2 f5 21.
h5 Kg7 22. c4 f4 23. hxg6 hxg6 24. Ra3 Ne5 25. Nf3 Kf6 26. Ke2 a5 27. Rb1 Ra6
28. Nxe5 Kxe5 29. f3 g5 30. Rh1 Rf6 31. Kd3 Ra7 32. Rh7 Rg6 33. Rf7 Kd6 34. Rb3
Ra6 35. Rf5 e6 36. Rf7 a4 37. Rb1 a3 38. Rb7 a2 39. R1xb6+ Rxb6 40. Rxb6+ Ke5
41. Ra6 exd5 42. Rxa2 dxe4+ 43. fxe4 Rd6+ 44. Kc3 Kxe4 45. Re2+ Kf5 46. Re8 Re6
47. Rc8 Re5 48. Rd8 Re3+ 49. Kd2 Rg3 50. Rd5+ Ke4 51. Rxc5 Rxg2+ 52. Ke1 g4 53.
Rc8 Ra2 54. Rb8 g3 55. Kf1 f3 0-1

[Event "XVII Festival A"]
[Site "Trieste ITA"]
[Date "2015.08.31"]
[Round "4"]
[White "Tratar, Marko"]
[Black "Horton, Andrew P."]
[Result "1-0"]
[WhiteElo "2479"]
[BlackElo "2278"]
[PlyCount "119"]
[EventDate "2015.08.29"]

1. Nf3 c5 2. c4 g6 3. d4 cxd4 4. Nxd4 Nc6 5. e4 Nf6 6. Nc3 d6 7. Nc2 Bg7 8. Be2
O-O 9. O-O Nd7 10. Bd2 a5 11. Be3 Nc5 12. f3 Be6 13. Qd2 a4 14. Rfc1 Qa5 15.
Na3 Rfc8 16. Rab1 Qb4 17. Nd5 Bxd5 18. exd5 Qxd2 19. Bxd2 Nd4 20. Bf1 Re8 21.
Re1 e5 22. dxe6 Rxe6 23. Rxe6 fxe6 24. Be3 Nf5 25. Bf2 Bd4 26. Nb5 Bxf2+ 27.
Kxf2 Rd8 28. Rd1 h5 29. Bd3 Kf7 30. Bxf5 gxf5 31. Rxd6 Rxd6 32. Nxd6+ Ke7 33.
Nb5 Nd3+ 34. Ke3 Nxb2 35. Kd4 e5+ 36. Kxe5 Nxc4+ 37. Kxf5 Ne3+ 38. Ke4 Nxg2 39.
Nc3 Ne1 40. Nxa4 Nc2 41. Nb6 Na3 42. h4 Kd6 43. Kf5 Nb5 44. Nc4+ Kd5 45. Nd2
Nc3 46. Kg5 Nxa2 47. Kxh5 Ke6 48. Kg6 Nb4 49. f4 Nd5 50. f5+ Ke7 51. Ne4 Nf4+
52. Kg5 Nd5 53. h5 Kf8 54. Nf6 Ne7 55. Nd7+ Kg8 56. f6 Nd5 57. h6 Nc7 58. Kg6
Ne6 59. f7+ Kh8 60. Nf6 1-0

[Event "XVII Festival A"]
[Site "Trieste ITA"]
[Date "2015.08.31"]
[Round "4"]
[White "Moroni, Luca Jr"]
[Black "Bentivegna, Francesco"]
[Result "1-0"]
[WhiteElo "2461"]
[BlackElo "2234"]
[PlyCount "53"]
[EventDate "2015.08.29"]

1. d4 Nf6 2. c4 c5 3. Nf3 cxd4 4. Nxd4 e5 5. Nb5 d5 6. cxd5 Bc5 7. e3 O-O 8.
N5c3 e4 9. Be2 Re8 10. a3 a6 11. Nd2 Bf5 12. b4 Bd6 13. Nc4 b5 14. Nxd6 Qxd6
15. Bb2 Nbd7 16. g4 Bg6 17. g5 Nh5 18. Bxh5 Bxh5 19. Qxh5 Ne5 20. O-O Nf3+ 21.
Kh1 Qe5 22. Rac1 Rad8 23. Rc2 Rd6 24. Nxb5 Rh6 25. Qxh6 gxh6 26. Bxe5 Rxe5 27.
Nd4 1-0

[Event "XVII Festival A"]
[Site "Trieste ITA"]
[Date "2015.08.31"]
[Round "4"]
[White "Korpa, Bence"]
[Black "Markocic, Tine"]
[Result "1/2-1/2"]
[WhiteElo "2433"]
[BlackElo "1901"]
[PlyCount "92"]
[EventDate "2015.08.29"]

1. c4 c5 2. Nf3 Nf6 3. Nc3 g6 4. d4 cxd4 5. Nxd4 Bg7 6. e4 Nc6 7. Be3 O-O 8.
Be2 d6 9. O-O Bd7 10. Qd2 Nxd4 11. Bxd4 Bc6 12. f3 a5 13. b3 Nd7 14. Be3 Nc5
15. Rab1 Qb6 16. Rfc1 Rfc8 17. Rc2 Qd8 18. Kh1 b6 19. a3 h5 20. Bf1 Kh7 21. Nd5
Bxd5 22. exd5 Qf8 23. Qf2 Bh6 24. f4 f5 25. b4 axb4 26. axb4 Ne4 27. Qg1 h4 28.
Bd3 Nf6 29. Bxb6 Bxf4 30. Qe1 Kg8 31. Qxh4 Ra3 32. Qxf4 Rxd3 33. c5 Rxd5 34. c6
Ne4 35. c7 Rb5 36. Ba5 Qf7 37. Qf1 Qd5 38. Rd1 Qb3 39. Re2 Rxb4 40. Bxb4 Qxb4
41. Rc1 Qd4 42. Qf3 Rxc7 43. Rb1 Rb7 44. Rbe1 Rb2 45. Rxb2 Qxb2 46. Qe3 Qf2
1/2-1/2

[Event "XVII Festival A"]
[Site "Trieste ITA"]
[Date "2015.08.31"]
[Round "4"]
[White "Jacob, Volker"]
[Black "Mazi, Leon"]
[Result "0-1"]
[WhiteElo "2269"]
[BlackElo "2405"]
[PlyCount "80"]
[EventDate "2015.08.29"]

1. d4 Nf6 2. c4 d6 3. Nf3 g6 4. Nc3 Bg7 5. e4 O-O 6. Be2 e5 7. O-O Nbd7 8. Qc2
c6 9. Rd1 Re8 10. d5 c5 11. Ne1 Rf8 12. Nd3 Ne8 13. Rb1 f5 14. b4 cxb4 15. Rxb4
Ndf6 16. f3 b6 17. Be3 Bd7 18. a4 Rc8 19. Qa2 fxe4 20. Nxe4 Nxe4 21. fxe4 Qh4
22. Bf2 Qd8 23. a5 bxa5 24. Rb7 Nf6 25. Bf3 Bg4 26. c5 Bxf3 27. gxf3 Nh5 28.
cxd6 Rxf3 29. d7 Qg5+ 30. Kf1 Rcf8 31. d6+ Kh8 32. Qe2 Rh3 33. Ke1 Rxh2 34. Qe3
Qg4 35. Kd2 Nf6 36. Kc2 Nxe4 37. Rf1 Nxd6 38. d8=Q Qc4+ 39. Kb1 Rxd8 40. Rc1
Qd5 0-1

[Event "XVII Festival A"]
[Site "Trieste ITA"]
[Date "2015.08.31"]
[Round "4"]
[White "McPhillips, Joseph"]
[Black "Plenca, Jadranko"]
[Result "1/2-1/2"]
[WhiteElo "2191"]
[BlackElo "2369"]
[PlyCount "94"]
[EventDate "2015.08.29"]

1. e4 e5 2. Nf3 Nc6 3. Bb5 a6 4. Ba4 Nf6 5. O-O Be7 6. Re1 b5 7. Bb3 d6 8. c3
O-O 9. d3 Na5 10. Bc2 c5 11. Nbd2 Nc6 12. Nf1 Qc7 13. Ne3 Re8 14. Nd5 Nxd5 15.
exd5 Na5 16. d4 exd4 17. cxd4 Bg4 18. dxc5 dxc5 19. Re4 Bh5 20. Qe2 Qd8 21. Bf4
Bg6 22. d6 Bxd6 23. Rxe8+ Qxe8 24. Qxe8+ Rxe8 25. Bxd6 Bxc2 26. Bxc5 Rc8 27. b4
Nc6 28. Re1 h6 29. h3 a5 30. bxa5 Nxa5 31. Bb4 Nc6 32. Bc5 Rd8 33. a3 Rd5 34.
Bb6 Bd1 35. Re3 Bxf3 36. Rxf3 Ne5 37. Rb3 Nc4 38. Be3 g5 39. g4 Kg7 40. Kg2 Kg6
41. Rc3 f5 42. gxf5+ Kxf5 43. h4 Nxe3+ 44. Rxe3 gxh4 45. Rb3 h5 46. Rb4 Kg5 47.
a4 bxa4 1/2-1/2

[Event "XVII Festival A"]
[Site "Trieste ITA"]
[Date "2015.08.31"]
[Round "4"]
[White "Hendriks, Willy"]
[Black "Belli, Giorgio"]
[Result "1-0"]
[WhiteElo "2384"]
[BlackElo "2027"]
[PlyCount "81"]
[EventDate "2015.08.29"]

1. d4 Nf6 2. Bg5 Ne4 3. Bf4 c5 4. d5 d6 5. f3 Qa5+ 6. c3 Nf6 7. e4 Nbd7 8. Nh3
g6 9. Nf2 Bg7 10. Be2 O-O 11. O-O b5 12. Nd2 Ba6 13. Be3 Qc7 14. a4 Qb7 15.
axb5 Bxb5 16. c4 Ba6 17. Qa4 Nb8 18. Nd3 Qc7 19. Ra2 Bc8 20. Qa5 Qxa5 21. Rxa5
Na6 22. Rfa1 Nd7 23. Rxa6 Bxa6 24. Rxa6 Rfb8 25. Bd1 Rb6 26. Ra2 a5 27. Ba4 Ne5
28. Nxe5 Bxe5 29. b3 Bc3 30. Kf2 Kg7 31. Ke2 f5 32. Kd3 Bb4 33. exf5 gxf5 34.
f4 Kg6 35. Nf3 Kh5 36. Re2 Kg4 37. Bc1 Ra7 38. Re6 Kh5 39. Bb2 Kg4 40. Rh6 Be1
41. Nxe1 1-0

[Event "XVII Festival A"]
[Site "Trieste ITA"]
[Date "2015.08.31"]
[Round "4"]
[White "Henrich, Thomas"]
[Black "Lodici, Lorenzo"]
[Result "0-1"]
[WhiteElo "2177"]
[BlackElo "2348"]
[PlyCount "126"]
[EventDate "2015.08.29"]

1. e4 e5 2. Bc4 Nf6 3. d3 Nc6 4. Nf3 Be7 5. c3 O-O 6. Bg5 d6 7. Nbd2 Na5 8. Qe2
a6 9. Nf1 c6 10. Ng3 g6 11. h3 Nxc4 12. dxc4 b5 13. c5 Nd7 14. Bh6 Nxc5 15.
Bxf8 Qxf8 16. h4 f5 17. h5 f4 18. Nf1 g5 19. N3h2 Be6 20. Nd2 Qf7 21. b3 h6 22.
g4 Bf6 23. f3 d5 24. O-O Rd8 25. Rac1 d4 26. cxd4 exd4 27. e5 d3 28. Qe1 Be7
29. Kg2 Bd5 30. Rf2 Ne6 31. Ne4 c5 32. Nf1 c4 33. bxc4 bxc4 34. Nfd2 Nd4 35.
Nd6 Bxd6 36. exd6 Re8 37. Qd1 Ne2 38. Ra1 c3 39. Ne4 Bxe4 40. fxe4 Qc4 41. Rf3
c2 42. Qxd3 Qxd3 43. Rxd3 Kf7 44. d7 Rd8 45. Rd6 c1=Q 46. Rxc1 Nxc1 47. Rxh6
Nxa2 48. e5 Nb4 49. Rb6 Nd3 50. e6+ Ke7 51. Rc6 Ne5 52. Rxa6 Nxg4 53. Kf3 Nf6
54. h6 Rh8 55. Ra5 Rg8 56. Re5 Rg6 57. h7 Nxh7 58. Rf5 Nf6 59. Rc5 Rg8 60. Rc8
Rd8 61. Rc6 Ra8 62. Rc5 Ra3+ 63. Kf2 Ne4+ 0-1

[Event "XVII Festival A"]
[Site "Trieste ITA"]
[Date "2015.08.31"]
[Round "4"]
[White "Montilli, Vincenzo"]
[Black "Ostovic, Matija"]
[Result "1/2-1/2"]
[WhiteElo "2165"]
[BlackElo "2322"]
[PlyCount "66"]
[EventDate "2015.08.29"]

1. Nf3 Nf6 2. c4 e6 3. g3 b6 4. Bg2 Bb7 5. O-O Be7 6. Nc3 O-O 7. Re1 d5 8. cxd5
exd5 9. d4 Nbd7 10. Bf4 Ne4 11. Qb3 Ndf6 12. Nd2 c5 13. Ndxe4 dxe4 14. d5 Bxd5
15. Nxd5 Qxd5 16. Qxd5 Nxd5 17. Bxe4 Rad8 18. Rad1 Nxf4 19. gxf4 Bf6 20. b3 Bc3
21. Rf1 Bd2 22. e3 b5 23. Kg2 c4 24. bxc4 bxc4 25. Rb1 Rfe8 26. Bc2 a5 27. Rfd1
Kf8 28. Rb5 Bb4 29. a3 Bxa3 30. Rxa5 Bb2 31. Rdd5 Bf6 32. Kf3 Rb8 33. Rac5 c3
1/2-1/2

[Event "XVII Festival A"]
[Site "Trieste ITA"]
[Date "2015.08.31"]
[Round "4"]
[White "Doric, Nenad"]
[Black "Zuttioni, Federico"]
[Result "1-0"]
[WhiteElo "2298"]
[BlackElo "2145"]
[PlyCount "161"]
[EventDate "2015.08.29"]

1. d4 Nf6 2. c4 e6 3. Nf3 d5 4. Nc3 Be7 5. Bg5 O-O 6. e3 h6 7. Bh4 b6 8. Be2
Bb7 9. Bxf6 Bxf6 10. cxd5 exd5 11. b4 c6 12. O-O Nd7 13. Qb3 b5 14. a4 a6 15.
a5 Re8 16. Ne1 Nf8 17. Nd3 Bc8 18. Rfe1 Ra7 19. Rac1 Rae7 20. Nc5 Nh7 21. Qd1
g6 22. Nb1 h5 23. Nd2 Qd6 24. Nf3 Ng5 25. Nxg5 Bxg5 26. Qc2 h4 27. Nd3 Rc7 28.
Qc5 Qxc5 29. Nxc5 Be7 30. Bf3 Bd6 31. Rc3 Rce7 32. Rec1 Bxc5 33. Rxc5 Bb7 34.
g3 hxg3 35. hxg3 Re6 36. Bg4 Rd6 37. Be2 Kg7 38. Kg2 Kf6 39. Rh1 Rdd8 40. Bg4
Ke7 41. Be2 Rh8 42. Rcc1 Kd6 43. g4 Bc8 44. g5 Rxh1 45. Rxh1 Bf5 46. Kg3 Re8
47. Rh7 Ke6 48. Kf4 Rf8 49. f3 Kd6 50. e4 dxe4 51. fxe4 Be6 52. Bf3 Rc8 53. Rh1
Bc4 54. Bg4 Rf8 55. Rh7 Bd3 56. Ke3 Bc4 57. Rh2 Re8 58. Rf2 Rh8 59. Rf6+ Kc7
60. d5 cxd5 61. Rxf7+ Kb8 62. exd5 Bxd5 63. Rf6 Re8+ 64. Kd4 Bb7 65. Be6 Rd8+
66. Ke5 Rd1 67. Rxg6 Re1+ 68. Kd6 Rd1+ 69. Ke7 Be4 70. Rg8+ Kc7 71. g6 Rg1 72.
g7 Bh7 73. Rc8+ Kb7 74. g8=Q Bxg8 75. Rxg8 Rb1 76. Rg4 Kc7 77. Rd4 Rb2 78. Rd7+
Kb8 79. Kd6 Rxb4 80. Bd5 Kc8 81. Ra7 1-0

[Event "XVII Festival A"]
[Site "Trieste ITA"]
[Date "2015.08.31"]
[Round "4"]
[White "Pescatore, Lorenzo"]
[Black "Zamar, Kodelja Jurij"]
[Result "1-0"]
[WhiteElo "2279"]
[BlackElo "1973"]
[PlyCount "95"]
[EventDate "2015.08.29"]

1. e4 c5 2. c3 Nf6 3. e5 Nd5 4. d4 cxd4 5. Nf3 Nc6 6. cxd4 d6 7. Bc4 e6 8. O-O
Be7 9. Qe2 O-O 10. Qe4 Bd7 11. Bd3 f5 12. exf6 Nxf6 13. Qe2 Qa5 14. Bc4 d5 15.
Bd3 Qb6 16. Be3 Rae8 17. Ne5 Bd6 18. Rd1 Kh8 19. Nxc6 bxc6 20. Nd2 c5 21. Nf3
cxd4 22. Bxd4 Bc5 23. Bxc5 Qxc5 24. Ne5 Qd6 25. Re1 Bc8 26. Rad1 Qc7 27. Rc1
Qd6 28. Rc6 Qb8 29. Rc3 Ne4 30. Qh5 Nf6 31. Qh3 Kg8 32. Rb3 Qc7 33. Rc3 Qb7 34.
Rb3 Qc7 35. Qh4 Qc5 36. Rc3 Qb6 37. Ng4 h6 38. Ne5 Ba6 39. Bxa6 Qxa6 40. Rc7
Qb6 41. Rec1 Ne4 42. Ng4 Qxb2 43. f3 Qd4+ 44. Kh1 Nf2+ 45. Qxf2 Qxg4 46. Rxa7
Qg6 47. Rcc7 Rd8 48. Qb2 1-0

[Event "XVII Festival A"]
[Site "Trieste ITA"]
[Date "2015.08.31"]
[Round "5"]
[White "Jovanic, Ognjen"]
[Black "Baklan, Vladimir"]
[Result "1/2-1/2"]
[WhiteElo "2459"]
[BlackElo "2608"]
[PlyCount "22"]
[EventDate "2015.08.29"]

1. d4 Nf6 2. c4 e6 3. Nf3 b6 4. a3 Ba6 5. Qb3 Be7 6. Nc3 Bb7 7. g3 d5 8. cxd5
Nxd5 9. Bg2 Nxc3 10. Qxc3 O-O 11. O-O Nd7 1/2-1/2

[Event "XVII Festival A"]
[Site "Trieste ITA"]
[Date "2015.08.31"]
[Round "5"]
[White "Bosiocic, Marin"]
[Black "David, Alberto"]
[Result "1-0"]
[WhiteElo "2552"]
[BlackElo "2584"]
[PlyCount "59"]
[EventDate "2015.08.29"]

1. e4 c6 2. d4 d5 3. f3 e6 4. Nc3 Bb4 5. a3 Bxc3+ 6. bxc3 dxe4 7. Qe2 c5 8.
Qxe4 Nf6 9. Qh4 cxd4 10. Bd3 Nc6 11. Bg5 Ne5 12. Rd1 Qa5 13. Bxf6 gxf6 14. Ne2
Rg8 15. O-O Nxd3 16. Rxd3 Qg5 17. Qf2 Bd7 18. cxd4 Bb5 19. Rb3 Ba6 20. Rd1
O-O-O 21. c4 Kb8 22. Rb4 Ka8 23. Nc3 Qa5 24. Rdb1 Qxa3 25. Ne4 Qd3 26. d5 Rc8
27. Nd6 Rc7 28. R4b3 Qg6 29. Ra1 Qh5 30. Nb5 1-0

[Event "XVII Festival A"]
[Site "Trieste ITA"]
[Date "2015.08.31"]
[Round "5"]
[White "Pap, Gyula"]
[Black "Codenotti, Marco"]
[Result "1-0"]
[WhiteElo "2536"]
[BlackElo "2424"]
[PlyCount "81"]
[EventDate "2015.08.29"]

1. d4 d5 2. Nf3 Nf6 3. c4 c6 4. Qb3 dxc4 5. Qxc4 Bf5 6. g3 e6 7. Bg2 Be7 8. O-O
O-O 9. Rd1 Nbd7 10. e3 Qc7 11. Nc3 e5 12. h3 Rad8 13. Qe2 Ne4 14. Nxe4 Bxe4 15.
Nxe5 Bxg2 16. Nxd7 Rxd7 17. Kxg2 Bf6 18. Bd2 Qb6 19. b4 Re8 20. Qg4 Rdd8 21. a4
a6 22. Rac1 Be7 23. Rc4 Qc7 24. Rdc1 Qd6 25. Rc5 g6 26. h4 Qb8 27. R5c4 h5 28.
Qf3 Qd6 29. b5 axb5 30. axb5 cxb5 31. Rc7 Rb8 32. Rxb7 Rxb7 33. Qxb7 Rb8 34.
Qc6 Qa3 35. e4 Qd3 36. Bf4 Rd8 37. Be5 b4 38. Ra1 Qc3 39. Qb7 Bf8 40. Ra7 Qc4
41. Qb6 1-0

[Event "XVII Festival A"]
[Site "Trieste ITA"]
[Date "2015.08.31"]
[Round "5"]
[White "Mazi, Leon"]
[Black "Maiorov, Nikita"]
[Result "1-0"]
[WhiteElo "2405"]
[BlackElo "2552"]
[PlyCount "114"]
[EventDate "2015.08.29"]

1. e4 e5 2. Nf3 Nc6 3. Bb5 a6 4. Ba4 Nf6 5. O-O Be7 6. Re1 b5 7. Bb3 d6 8. c3
O-O 9. h3 Nd7 10. d4 Bb7 11. Nbd2 exd4 12. cxd4 Bf6 13. Nf1 Re8 14. N1h2 Na5
15. Bc2 c5 16. Ng4 cxd4 17. Nxd4 Nc5 18. f3 Rc8 19. Nf5 Nc4 20. Rb1 Na4 21.
Bxa4 bxa4 22. Nxf6+ Qxf6 23. b3 axb3 24. axb3 Ne5 25. Qxd6 Re6 26. Qd2 Qg6 27.
Kh1 Qh5 28. Qg5 Qxg5 29. Bxg5 f6 30. Be3 g6 31. Nh6+ Kg7 32. Red1 Re7 33. Rd6
Nf7 34. Nxf7 Kxf7 35. Rbd1 Bc6 36. b4 Re6 37. Bc5 Rce8 38. R6d2 f5 39. exf5
Re1+ 40. Kh2 gxf5 41. Rxe1 Rxe1 42. Kg3 Bb5 43. Rd5 Ke6 44. Rd6+ Kf7 45. Kf4
Re2 46. g3 Rg2 47. h4 Bc4 48. Rd7+ Kg6 49. Bd4 Rd2 50. Rg7+ Kh6 51. Be5 Rd5 52.
Rg5 Rd7 53. Kxf5 Rf7+ 54. Ke4 Bb5 55. Bf4 Bc6+ 56. Ke3 Bb7 57. Kf2 Rf6 1-0